00754nam a2200181Ia 4500003000400000005001700004008004100021040002100062041000800083082001400091100003400105245004700139260004600186300002900232490002300261520026800284650002000552OSt20250414113507.0191128t1956 ck gr 000 f spa d aCO-JMCRcCO-JMCR aspa aA-NbDRUv1 aDruon, Maurice, d1918eautor14aLos venenos de la corona / cMaurice Druon aBogotá : bCirculo de lectores,c©1965 a228 páginas; c 20 cm.0 aLos reyes malditos aLos venenos de la Corona resucita, casi día a día, los conflictos, odios, intrigas y crímenes que plagaron el reinado de dieciocho meses de Luis X. Maurice Druon vuelve a entretejer los sinos de las figuras que marcaron esa época turbulenta de Europa : el04aNovela francesa